| 000 | 00460nam a2200157 a 4500 | ||
|---|---|---|---|
| 001 | 000033043 | ||
| 005 | 20200930070006.0 | ||
| 008 | 110808s1962 dr 000 0 spa d | ||
| 040 |
_aDO-SdBNP _bspa _cBNPHU |
||
| 082 |
_axxxx _bR426e |
||
| 110 | 1 |
_aRepública Dominicana. _bAsociación Industrial de Dueños de Panaderías _958742 |
|
| 245 | 1 | 0 | _aEstatutos. |
| 260 |
_aSanto Domingo : _bEditora del Caribe, _c1962. |
||
| 300 |
_a17 p. ; _c22 cm. |
||
| 049 | _aBNPD | ||
| 999 |
_c32534 _d32534 |
||